| 000 | 00510nam a2200157Ia 4500 | ||
|---|---|---|---|
| 008 | 170221s9999 xx 000 0 und d | ||
| 100 | _aBojan Blazhevski | ||
| 245 | 4 | _aThe Degree of Dependence on International Reporting in Macedonian Internet Media from Global News Agencies | |
| 245 | _cBojan Blazhevski | ||
| 260 | _bOnline Journal of Communication and Media Technologies | ||
| 260 | _c2013 | ||
| 300 | _a3 : 4 | ||
| 650 | _xCommunication | ||
| 650 | _xMedia Arts | ||
| 856 | _uhttp://www.ojcmt.net/ | ||
| 999 |
_c307276 _d307276 |
||